000 00661nam a2200181 a 4500
001 000037226
005 20200930080225.0
008 120309s2006 sp 000 0 spa d
020 _a139788498440003
040 _aDO-SdBNP
_bspa
_cBNPHU
100 1 _aTarragó, Rafael E.
_963639
245 1 4 _aLos kurakas :
_buna bibliografía anotada (1609-2005) de fuentes impresas sobre los señores andinos en Perú y alto Perú entre 1533 y 1825 /
_cRafael E. Tarrago.
260 _aMadrid :
_bInstituto de Cultura,
_c2006.
300 _a68 p.
490 1 _aDocumentos Tavera
_vno. 21
500 _aIncluye índice onomástico
830 0 _aDocumentos Tavera
_nno. 21
_963640
999 _c36716
_d36716